000 01798nam a2200265Ia 4500
003 OSt
005 20211111105707.0
008 210310s2014 ck ad gr 000 0 spa d
020 _a9789587710625
040 _aCO-JMCR
_cCO-JMCR
041 0 _aspa
082 0 4 _a352.409861 /
_bO771h
_223
100 1 _aOrtega Cárdenas, Alfonso
_eautor
_929017
245 1 0 _aHacienda publica :
_blas finanzas del estado /
_cAlfonso Ortega Cárdenas
250 _aQuinta edición
260 _aBogotá :
_bEcoe,
_c2014.
300 _a310 páginas :
_bilustraciones y gráficas en blanco y negro ;
_c24 cm.
504 _aBibliografía : páginas 309-310.
505 0 _aGeneralidades. -- El gasto público. -- El ingreso público. -- Problemas que surgen en la recaudación de los impuestos. -- Ingresos ordinarios de la nación. -- Dominio fiscal territorial. -- El ingreso público. -- Presupuesto público. -- Control presupuestal. -- Presupuesto de los entes territoriales y otros.
520 0 _aEsta quinta edición actualizada trata de forma práctica temas como el gasto público, el ingreso público, la recaudación de los impuestos, el presupuesto general de la nación, controles sobre el presupuesto y otros más de gran interés. Es una guía dirigida a quienes requieren entender ejercicio público desde la conformación estatal, sus fines o propósitos, la administración de los recursos públicos, y la elaboración y presentación de las finanzas públicas; por eso está escrita pensando en los administradores públicos, asesores, estudiantes y la comunidad en general con el fin de facilitarles las actividades en cada una de sus áreas.
650 1 4 _aControl presupuestal.
_94374
650 2 4 _aIngreso público
_941496
650 2 4 _aPresupuesto público
_94371
942 _2ddc
_cBK
999 _c12714
_d12714